[Event "World Junior U20 Open 2018"]
[Site "Gebze"]
[Date "2018.09.06"]
[Round "2.60"]
[White "Hollan, Martin"]
[Black "Silva, David"]
[Result "0-1"]
[WhiteElo "2336"]
[BlackElo "2223"]
[Annotator "NA"]
[PlyCount "74"]
[EventDate "2018.09.05"]
[EventType "swiss"]
[EventCountry "TUR"]
[SourceTitle "playchess.com"]
[Source "ChessBase"]
[SourceQuality "1"]
[TimeControl "40/5400+30:1800+30"]

1. d4 {[%emt 0:00:30]} Nf6 {[%emt 0:00:30]} 2. c4 {[%emt 0:00:00]} g6 {[%emt 0:00:30]} 3. Nc3 {[%emt 0:00:00]} Bg7 {[%emt 0:00:30]} 4. e4 {[%emt 0:00:30]} d6 {[%emt 0:00:30]} 5. Nf3 {[%emt 0:00:00]} O-O {[%emt 0:02:30]} 6. Be2 {[%emt 0:00:00]} e5 {[%emt 0:01:30]} 7. O-O {[%emt 0:00:30]} Nc6 {[%emt 0:00:00]} 8. d5 {[%emt 0:00:30]} Ne7 {[%emt 0:00:00]} 9. b4 {[%emt 0:00:30]} a5 {[%emt 0:16:30]} 10. Ba3 {[%emt 0:00:30]} axb4 {[%emt 0:00:30]} 11. Bxb4 {[%emt 0:00:00]} Nd7 {[%emt 0:00:00]} 12. a4 {[%emt 0:00:00]} Bh6 {[%emt 0:00:00]} 13. a5 {[%emt 0:03:30]} f5 {[%emt 0:01:30]} 14. Nd2 {[%emt 0:01:30]} Nf6 {[%emt 0:00:30]} 15. c5 {[%emt 0:00:30]} Bxd2 {[%emt 0:00:30]} 16. Qxd2 {[%emt 0:00:30]} Nxe4 {[%emt 0:00:30]} 17. Nxe4 {[%emt 0:00:30]} fxe4 {[%emt 0:00:00]} 18. cxd6 {[%emt 0:03:30]} cxd6 {[%emt 0:00:00]} 19. Bc3 {[%emt 0:00:00]} Nf5 {[%emt 0:02:30]} 20. Ra4 {[%emt 0:03:00]} b6 {[%emt 0:02:30]} 21. Rxe4 {[%emt 0:23:30]} bxa5 {[%emt 0:00:30]} 22. Ra1 {[%emt 0:12:30]} Bb7 {[%emt 0:01:30]} 23. Rb1 {[%emt 0:09:30]} Qc7 {[%emt 0:02:30]} 24. f4 {[%emt 0:07:30]} Qc5+ {[%emt 0:03:30]} 25. Kh1 {[%emt 0:00:30]} Rac8 {[%emt 0:01:30]} 26. Bc4 {[%emt 0:12:30]} Nd4 {[%emt 0:00:30]} 27. Bxd4 {[%emt 0:15:40]} Qxc4 {[%emt 0:00:30]} 28. fxe5 {[%emt 0:02:03]} Qxd5 {[%emt 0:02:30]} 29. Re2 {[%emt 0:01:46]} Rc4 {[%emt 0:02:30]} 30. Bc3 {[%emt 0:01:53]} Qxd2 {[%emt 0:00:30]} 31. Bxd2 {[%emt 0:00:32]} Rc2 {[%emt 0:00:30]} 32. Rd1 {[%emt 0:01:33]} dxe5 {[%emt 0:00:30]} 33. Kg1 {[%emt 0:00:53]} Ba6 {[%emt 0:00:00]} 34. Rf2 {[%emt 0:00:00]} Rd8 {[%emt 0:00:00]} 35. h3 {[%emt 0:00:28]} e4 {[%emt 0:00:30]} 36. Kh2 {[%emt 0:00:07]} Rd3 {[%emt 0:00:30]} 37. Be3 {[%emt 0:01:03]} Rxf2 {[%emt 0:00:30]} 0-1

[Event "World Junior U20 Open 2018"]
[Site "Gebze"]
[Date "2018.09.06"]
[Round "2.61"]
[White "Karaoglan, Doruk"]
[Black "Zhu, Yi"]
[Result "1-0"]
[WhiteElo "2196"]
[BlackElo "2335"]
[Annotator "TA"]
[PlyCount "75"]
[EventDate "2018.09.05"]
[EventType "swiss"]
[EventCountry "TUR"]
[SourceTitle "playchess.com"]
[Source "ChessBase"]
[SourceQuality "1"]

{[%evp 22,75,43,44,82,30,47,5,119,92,174,172,211,213,214,199,207,191,208,200,182,171,209,200,202,178,187,197,219,208,195,181,432,431,534,431,431,425,432,426,407,424,413,413,432,432,432,425,425,425,425,425,485,472,466,437]} 1. e4 c5 2. Nc3 Nc6 3. g3 g6 4. Bg2 Bg7 5. d3 e6 6. Be3 d6 7. f4 Nge7 8. Nf3 Nd4 9. O-O O-O 10. e5 Nef5 11. Bf2 dxe5 12. Nxe5 {LiveBook: 4 Games. B25: Closed Sicilian: 3 g3, lines without early Be3} Qc7 13. Re1 ({Better is} 13. Ne4 $16) (13. Ne4 f6 14. Nc4 e5 15. fxe5 fxe5 16. c3 Ne6 17. a4 Bd7 18. Qb3 Kh8 19. Ne3 Nxe3 20. Bxe3 {1-0 (46) Muzychuk,A (2586)-Cmilyte,V (2524) Beijing 2012}) 13... Rb8 14. a4 $146 {[%cal Ba2a4,Ba4a5][%mdl 32] White is slightly better.} ({Predecessor:} 14. g4 Ne7 15. Ne2 Nxe2+ 16. Qxe2 b6 17. d4 cxd4 18. Bxd4 Bb7 19. c3 Rbd8 {1-0 (44) Bakhmetov,P (2054)-Fayzullin,R (1999) Novokuznetsk 2011}) 14... a6 (14... g5 $11) 15. a5 f6 (15... g5 $16) 16. Nc4 $18 Bd7 17. Ne4 e5 18. fxe5 fxe5 19. c3 Ne6 20. b4 cxb4 {[#]} 21. Bb6 $1 $36 {[%cal Rb6c7][%mdl 2048] White is in control.} Qc8 22. Ned6 Nxd6 23. Nxd6 Qxc3 {[#]} 24. Rc1 $1 {[%cal Rc1c3]} Qa3 25. Bd5 b3 26. Bc5 Qxa5 $2 (26... Qa2) 27. Qxb3 Rbe8 28. Nxe8 Rxe8 29. Qxb7 Qb5 30. Qxb5 axb5 31. Bd6 Kh8 32. Bxe5 Nd4 33. Bxg7+ {White is clearly winning.} Kxg7 34. Rxe8 Bxe8 35. Rc8 Kf8 36. Rc7 h5 37. Kf2 Nf5 38. Bc6 {Precision: White = 76%, Black = 28%.} 1-0

[Event "World Junior U20 Open 2018"]
[Site "Gebze"]
[Date "2018.09.06"]
[Round "2.62"]
[White "Dedebas, Emre Emin"]
[Black "Kamer, Kayra"]
[Result "1/2-1/2"]
[WhiteElo "2334"]
[BlackElo "2205"]
[Annotator "TA"]
[PlyCount "216"]
[EventDate "2018.09.05"]
[EventType "swiss"]
[EventCountry "TUR"]
[SourceTitle "playchess.com"]
[Source "ChessBase"]
[SourceQuality "1"]

{[%evp 9,216,43,91,85,92,92,121,120,111,131,117,18,54,61,61,52,246,232,286,266,260,192,316,296,330,337,322,234,234,216,218,221,201,211,395,80,74,81,77,77,70,40,125,116,148,145,216,216,216,216,216,195,287,289,287,284,272,151,155,152,155,155,158,145,156,57,62,13,28,8,19,0,261,242,475,414,475,475,475,475,475,475,475,448,321,321,321,0,0,0,0,0,0,0,0,0,0,0,0,0,0,0,0,0,0,0,0,0,0,0,198,0,0,0,0,0,0,0,0,0,0,0,0,0,0,0,0,0,0,0,0,0,0,0,0,0,0,0,0,0,0,0,0,0,0,0,0,0,0,0,0,0,0,0,0,0,0,0,0,0,0,0,0,0,0,0,0,0,0,0,0,0,0,0,0,0,0,0,0,0,0,0,0,0,0,0,0,0,0,0,0,0,0,0,0,0,0,0,0,0,0,0,0,0,0,0,0,0,0]} 1. d4 a6 2. e4 b5 3. Bd3 Bb7 4. Nf3 e6 5. Qe2 d5 (5... Nf6 6. Nbd2 c5 7. c3 cxd4 8. cxd4 Be7 9. O-O d6 10. Re1 O-O 11. Nf1 Nbd7 12. Ng3 Qc7 13. Bg5 Rfc8 {1-0 (32) Rublevsky,S (2702)-Nielsen,P (2654) Berlin 2015}) 6. exd5 $146 {B00: Damenfianchetto, Nimzowitsch-Verteidigung} ({Vorgänger:} 6. e5 Nd7 7. O-O c5 8. c3 Qc7 9. dxc5 Bxc5 10. Nbd2 Ne7 11. Nb3 Bb6 12. Nbd4 Nc5 13. Bc2 {1-0 (32) Alvarez,D-Corredor,F (1990) Neiva 2011}) 6... Qxd5 7. Nc3 Bb4 8. O-O {Weiß steht besser.} Bxc3 9. bxc3 Nf6 10. Ba3 (10. a4 $16) 10... Nbd7 11. c4 $36 {[%mdl 2048] Schwarz steht unter Druck.} bxc4 12. Bxc4 Qc6 $2 (12... Qa5 $14 13. Qe3 c5) 13. Rab1 $18 Nb6 14. Bd3 Nfd5 15. Be4 Qa4 {[#]} (15... O-O-O $142) 16. Rb3 $1 Bc6 17. Ne5 Bb5 18. Bd3 Bxd3 19. Qxd3 (19. Rxd3 $6 Nc4) 19... f6 20. c4 fxe5 21. cxd5 Qxd4 $2 (21... Nxd5 22. Qh3 (22. dxe5 g6 $18) 22... Qd7 23. Qh5+ (23. dxe5 Kf7 $16) 23... g6 24. Qxe5 Kf7 25. Rf3+ Kg8) 22. Qxd4 $2 (22. Qh3 $18 {und Weiss behält klar die Oberhand.} O-O-O 23. dxe6) 22... exd4 $16 23. dxe6 Nc4 24. Bc1 Nd6 25. Re1 h6 (25... O-O $14) 26. Ba3 O-O 27. Rd3 Rf6 (27... Rab8 $16 28. g3 (28. Rxd4 Rfe8 $16) 28... Rfe8 29. Bxd6 (29. Rxd4 Nb5 $16) 29... cxd6 30. Rxd4 Rb6) 28. Bxd6 $1 $18 ({Bloß nicht} 28. Rxd4 $6 Nb5 $16) 28... cxd6 29. Rxd4 {[%mdl 4096] Endspiel KTT-KTT} Rd8 30. Rd5 g5 (30... Rf4 $142 31. f3 Rc4) 31. g3 Kg7 32. Re4 Kg6 33. Ra5 (33. Re2 $18) 33... Re8 $16 34. f4 gxf4 35. gxf4 Rf5 36. Rxa6 Rd5 37. Ra3 (37. e7 $16) 37... Kf5 $14 38. Re2 {Schwarz sollte e7 verhindern.} Kxf4 39. Kf2 (39. Rh3 {is interesting.} Re5 40. Rf2+ Kg5 41. Rg2+ Kf4 42. Rh4+) 39... Re5 40. Rxe5 dxe5 $4 $11 {[%mdl 8192] KT-KT} (40... Kxe5 $11 41. Re3+ Kf6) 41. Ra6 $18 e4 $2 (41... Ke4 {ist eine bessere Verteidigung.} 42. a4 Kd5) 42. Ke2 Re7 43. a4 {[%cal Ba2a4,Ba4a5,Ba5a6][%mdl 32]} h5 44. a5 h4 45. Rb6 Rg7 46. a6 Ra7 47. Rb8 Ke5 48. Ke3 $2 (48. Rh8 $18) 48... Kxe6 $11 49. Rb6+ Kd5 50. Rh6 h3 51. Rg6 Ra8 52. Rf6 Ra7 53. Kf4 Re7 54. Ke3 Ra7 55. Rh6 Ra8 56. Rxh3 Rxa6 {[#] ( -> ...Ta3+)} 57. Rh5+ Kc4 58. Kxe4 Re6+ 59. Kf4 Re1 $2 (59... Kd4 $1 $11 {und Schwarz steht sicher.}) 60. Re5 $2 ({Weiss braucht} 60. h4 $18) 60... Rh1 {Die Stellung ist ausgeglichen.} 61. Kg3 Kd4 62. Re8 Kd5 63. h4 Kd6 64. Kg4 Kd7 65. Re4 Rg1+ 66. Kf5 Rf1+ 67. Kg6 Rg1+ 68. Kh6 (68. Kf6 {keeps more tension.} Rf1+ 69. Kg7 Rg1+ 70. Kf6) 68... Rg2 69. h5 Rg1 70. Re3 Rg2 71. Re1 Rg3 72. Re5 Rg1 73. Kh7 Rg2 (73... Rg4 {looks sharper.} 74. Kh6 Rg1) 74. Re4 Rg1 75. Re2 Rg3 76. Re5 {Droht stark Te1.} Rg1 77. Re4 {Und weiter mit Te3 wäre nett.} Rg2 78. h6 Rg1 79. Kh8 Rg2 80. Re3 Rg1 81. Re2 Rg3 82. Re1 Rg2 83. Re4 {zielt auf Te1 ab.} Rg1 84. Re3 Rg2 85. Re1 Rg3 86. Ra1 Ke7 87. Ra8 Kf7 88. Ra7+ Kf8 89. Kh7 {Droht Tc7 und aus.} Rg1 90. Rg7 Rf1 91. Rg5 {Weiss will Tg7 spielen.} Rf7+ 92. Kh8 Rf1 93. Rg2 Rf3 (93... Kf7 {feels hotter.} 94. Rg5 Rb1 95. Rg7+ Kf6 96. Rg8 Ra1) 94. Ra2 Rg3 95. Rf2+ Ke7 96. Kh7 {Schwarz muss nun Kh8 beachten.} Rg1 97. Rf5 {Kh8 ist eine echte Drohung.} Rg2 98. Ra5 {Und Tf5 würde nun gewinnen.} Kf7 99. Ra7+ Kf8 100. Rg7 Rf2 101. Rg5 Rf7+ 102. Kg6 Kg8 103. Rd5 Rg7+ 104. Kf6 Rg1 105. Ra5 Kh7 106. Rh5 Rg6+ 107. Kf7 Rxh6 108. Rxh6+ Kxh6 {Precision: Weiß = 54%, Schwarz = 73%.} 1/2-1/2

[Event "World Junior U20 Open 2018"]
[Site "Gebze"]
[Date "2018.09.06"]
[Round "2.63"]
[White "Tasdogen, Dincer"]
[Black "Eren, Ataberk"]
[Result "1/2-1/2"]
[WhiteElo "2329"]
[BlackElo "2180"]
[Annotator "NA"]
[PlyCount "97"]
[EventDate "2018.09.05"]
[EventType "swiss"]
[EventCountry "TUR"]
[SourceTitle "playchess.com"]
[Source "ChessBase"]
[SourceQuality "1"]
[TimeControl "40/5400+30:1800+30"]

1. e4 {[%emt 0:00:00]} e6 {[%emt 0:00:00]} 2. d4 {[%emt 0:00:00]} d5 {[%emt 0:00:00]} 3. Nd2 {[%emt 0:00:30]} c5 {[%emt 0:07:30]} 4. Ngf3 {[%emt 0:00:30]} Nc6 {[%emt 0:00:30]} 5. exd5 {[%emt 0:00:30]} exd5 {[%emt 0:00:30]} 6. Bb5 {[%emt 0:00:30]} Nf6 {[%emt 0:18:30]} 7. O-O {[%emt 0:01:30]} Be7 {[%emt 0:00:30]} 8. dxc5 {[%emt 0:00:30]} Bxc5 {[%emt 0:00:30]} 9. Re1+ {[%emt 0:00:30] C08: French Tarrasch: 3...c5 4 exd5 exd5 sidelines} Be6 {[%emt 0:01:30]} 10. Nb3 {[%emt 0:02:30]} Bb6 {[%emt 0:01:30]} 11. Be3 {[%emt 0:12:30]} O-O {[%emt 0:09:30]} 12. Nbd4 $146 {[%emt 0:06:30]} ({Predecessor:} 12. Bxb6 Qxb6 13. a4 Bg4 14. Be2 Rfe8 15. a5 Qc7 16. h3 Bxf3 17. Bxf3 Rxe1+ 18. Qxe1 {0-1 (39) Lenic,L (2450)-Miezis,N (2547) Nova Gorica 2005}) 12... Bd7 {[%emt 0:01:30]} 13. Bxc6 {[%emt 0:20:30]} bxc6 {[%emt 0:01:30]} 14. Ne5 {[%emt 0:00:00]} c5 {[%emt 0:07:30]} 15. Nxd7 {[%emt 0:11:00]} Qxd7 {[%emt 0:01:30]} 16. Nf3 {[%emt 0:00:00]} h6 {[%emt 0:01:30]} 17. c3 {[%emt 0:01:00]} Rfe8 {[%emt 0:02:30]} 18. a4 {[%emt 0:07:30]} Qd6 {[%emt 0:17:30]} 19. g3 {[%emt 0:06:30]} Qc6 {[%emt 0:10:55]} 20. a5 {[%emt 0:06:30]} Bc7 {[%emt 0:00:20]} 21. Qa4 {[%emt 0:01:30]} Qxa4 {[%emt 0:00:43]} 22. Rxa4 {[%emt 0:02:27]} Bd6 {[%emt 0:00:16]} 23. b4 {[%emt 0:06:31]} cxb4 {[%emt 0:00:42]} 24. cxb4 {[%emt 0:00:30]} a6 {[%emt 0:00:30]} 25. Nd4 {[%emt 0:00:30]} Ne4 {[%emt 0:00:30]} 26. Rc1 {[%emt 0:00:30]} Rec8 {[%emt 0:00:30]} 27. Nc6 {[%emt 0:00:30]} Bf8 {[%emt 0:00:30]} 28. Raa1 {[%emt 0:00:30]} Nd6 {[%emt 0:00:30]} 29. Ne5 {[%emt 0:00:30]} Nc4 {[%emt 0:00:30]} 30. Nxc4 {[%emt 0:08:27]} dxc4 {[%emt 0:11:49]} 31. Rab1 {[%emt 0:00:05]} Rab8 {[%emt 0:00:10]} 32. Bb6 {[%emt 0:00:32]} Rc6 {[%emt 0:01:51]} 33. b5 {[%emt 0:00:53]} axb5 {[%emt 0:00:30]} 34. Rxb5 {[%emt 0:00:02]} Ba3 {[%emt 0:00:27]} 35. Rc3 {[%emt 0:03:18]} Be7 {[%emt 0:00:07]} 36. Rd5 {[%emt 0:01:01]} Bf6 {[%emt 0:01:03]} 37. Rc2 {[%emt 0:00:51]} Kh7 {[%emt 0:00:30]} 38. Kf1 {[%emt 0:00:09]} Kg6 {[%emt 0:01:42]} 39. Ke2 {[%emt 0:00:34]} h5 {[%emt 0:00:30]} 40. h4 {[%emt 0:01:36]} Re8+ {[%emt 0:00:00]} 41. Be3 {[%emt 0:02:34]} Rb8 {[%emt 0:10:55]} 42. Rc5 $16 {[%emt 0:03:30]} Rxc5 {[%emt 0:12:27]} 43. Bxc5 {[%emt 0:00:00]} Rb5 {[%emt 0:00:38]} 44. Bb6 {[%emt 0:00:00]} c3 {[%emt 0:00:00]} 45. Kd3 {[%emt 0:00:30]} Rb1 {[%emt 0:02:43]} 46. Kc4 {[%emt 0:11:36]} Kf5 {[%emt 0:00:09]} 47. Bd4 {[%emt 0:13:48]} Ra1 {[%emt 0:00:00]} 48. Rxc3 {[%emt 0:00:07]} Rxa5 {[%emt 0:00:19]} 49. Rf3+ {[%emt 0:00:00]} 1/2-1/2

[Event "World Junior U20 Open 2018"]
[Site "Gebze"]
[Date "2018.09.06"]
[Round "2.64"]
[White "Sezdbekov, Ruslan"]
[Black "Ozen, Bahadir"]
[Result "0-1"]
[WhiteElo "2160"]
[BlackElo "2326"]
[Annotator "TA"]
[PlyCount "146"]
[EventDate "2018.09.05"]
[EventType "swiss"]
[EventCountry "TUR"]
[SourceTitle "playchess.com"]
[Source "ChessBase"]
[SourceQuality "1"]

{[%evp 11,146,4,8,-29,-29,-80,-64,-71,-70,-78,-59,-102,-103,-114,-117,-110,-121,-131,-43,-46,-41,-49,-39,-73,-56,-75,-76,-102,-95,-83,-78,-73,-56,-95,-99,-108,-116,-169,-118,-182,-170,-155,-149,-164,-127,-127,-135,-172,-142,-148,-169,-195,-210,-202,-204,-705,-208,-275,-243,-257,-157,-172,-133,-164,-154,-139,-134,-138,-163,-139,-139,-174,-141,-219,-189,-222,-212,-297,-300,-281,-296,-308,-295,-298,-306,-282,-292,-255,-250,-311,-326,-348,-348,-407,-399,-355,-338,-672,-467,-449,-401,-497,-374,-472,-358,-434,-510,-489,-463,-832,-1031,-1070,-1068,-1362,-1406,-1766,-1695,-12820,-5193,-7685,-11822,-6027,-6801,-29984,-29985,-29984,-29974,-29986,-29987,-29986,-29987,-29989,-29990,-29993,-29994,-29995,-29996]} 1. e4 e5 2. Nf3 Nc6 3. Bc4 Bc5 4. b4 Bxb4 5. c3 Be7 6. d4 Na5 {LiveBook: 242 Games} 7. Bb5 {C51: Evans Gambit: Declined and Accepted without 5...Ba5} (7. Bd3 d6 8. dxe5 dxe5 9. Nxe5 Nf6 10. O-O O-O 11. Nd2 Nd7 12. Nxd7 Qxd7 13. Qc2 Rd8 14. Be2 Qc6 15. f4 {0-1 (30) Antipov,M (2598)-Rodshtein,M (2678) Linares 2018}) 7... c6 8. Be2 $146 (8. Bd3 $11) ({Predecessor:} 8. Ba4 b5 9. Bc2 exd4 10. O-O Nf6 11. e5 Nd5 12. Nxd4 d6 13. Nxc6 Nxc6 14. Qxd5 Bb7 15. Qxb5 {1-0 (32) Wartlick,K (2235)-Frank,A (1831) Leinzell 2011}) 8... Nf6 $17 9. dxe5 {Black is slightly better.} Nxe4 10. Qd4 f5 (10... Nc5 {is interesting.} 11. Nbd2 O-O 12. Ne4 Nxe4 13. Qxe4 d5) 11. exf6 Nxf6 12. O-O O-O 13. Bd3 d5 14. Bg5 Ng4 ({Black should play} 14... h6 $17 15. Bh4 c5) 15. Bxe7 $15 Qxe7 16. Nbd2 Qf6 17. Qb4 b6 18. h3 Nh6 19. Rae1 Bf5 $36 {[%mdl 2048] Keeping White busy.} 20. Bxf5 Nxf5 21. Ne5 {Nd7 would now be nice for White.} Rad8 22. f4 c5 23. Qb1 Nc6 24. Qd3 (24. Ndf3 $17) 24... Nfe7 (24... Nxe5 $19 25. fxe5 Qe6) 25. Ng4 (25. Nxc6 $17 Nxc6 26. Qf3) 25... Qf5 26. Qe2 d4 27. Ne4 dxc3 28. Nxc3 Ng6 29. g3 Nd4 30. Qg2 Rfe8 31. Ne3 Qd3 32. Ncd5 Ne7 33. Nc7 $2 (33. Rd1 Qg6 34. Nc7) 33... Rf8 $2 (33... Nef5 34. Nc2 Re2 35. Rxe2 Nxe2+ 36. Kh2 Qxc2) 34. Ng4 Nef5 35. Kh2 Qc2 36. Rf2 Qc3 37. Re5 h5 38. Nd5 {[#]} Qxg3+ $1 {[%mdl 512]} 39. Qxg3 Nxg3 40. Kxg3 hxg4 41. hxg4 {[#]} Rfe8 $1 {[%cal Re8e5]} 42. Rh5 (42. Rxe8+ $17 Rxe8 43. f5) 42... c4 $19 {White must now prevent ...c3!} 43. Rd2 Re4 44. Rdh2 (44. Kg2 $142) 44... Kf7 {And now ...c3! would win.} 45. R2h3 b5 46. Nc3 Re3+ 47. Kf2 Rxh3 48. Rxh3 {[%mdl 4096] Endgame KRN-KRN} b4 49. Ne4 Rd5 50. Rh8 Nb5 51. Rc8 Rd4 52. Ng5+ Ke7 53. Rc5 a6 ({And not} 53... Rxf4+ 54. Ke3 $11) 54. Ke3 $2 (54. Nf3 Rxf4 55. Kg3) 54... Kd6 55. Rc8 {aiming for Rd8+.} Rd3+ 56. Ke4 Nc3+ 57. Kf5 Nxa2 58. Nf7+ Kd5 59. Ne5 Rc3 60. Rc7 (60. Rd8+ $142 Kc5 61. Ke4) 60... b3 61. Rb7 Rc2 62. g5 b2 63. g6 Nc3 64. Rxg7 b1=Q {( -> ...Rf2+)} 65. Rd7+ Kc5 66. Rc7+ Kb6 67. Rxc4 Rg2+ {Black mates.} 68. Kf6 Ne4+ 69. Kg7 Ng3 70. Rc6+ Kb7 71. Kf7 Nh5 72. Rc4 Qf5+ 73. Ke7 Qf6+ {Precision: White = 38%, Black = 74%.} 0-1

[Event "World Junior U20 Open 2018"]
[Site "Gebze"]
[Date "2018.09.06"]
[Round "2.65"]
[White "Shailesh, Dravid"]
[Black "Ismayilov, Muhammad"]
[Result "1-0"]
[WhiteElo "2325"]
[BlackElo "2137"]
[Annotator "NA"]
[PlyCount "67"]
[EventDate "2018.09.05"]
[EventType "swiss"]
[EventCountry "TUR"]
[SourceTitle "playchess.com"]
[Source "ChessBase"]
[SourceQuality "1"]
[TimeControl "40/5400+30:1800+30"]

1. e4 {[%emt 0:00:30]} e5 {[%emt 0:00:30]} 2. Nf3 {[%emt 0:00:30]} Nf6 {[%emt 0:00:00]} 3. Nxe5 {[%emt 0:00:00]} d6 {[%emt 0:00:00]} 4. Nf3 {[%emt 0:00:00]} Nxe4 {[%emt 0:00:30]} 5. d4 {[%emt 0:00:30]} d5 {[%emt 0:00:30]} 6. Bd3 {[%emt 0:00:30]} Nc6 {[%emt 0:00:30]} 7. O-O {[%emt 0:00:30]} Be7 {[%emt 0:00:00]} 8. c4 {[%emt 0:01:30]} Nb4 {[%emt 0:00:00]} 9. Be2 {[%emt 0:02:30]} O-O {[%emt 0:01:30]} 10. a3 {[%emt 0:00:00]} Nc6 {[%emt 0:02:30]} 11. cxd5 {[%emt 0:02:00] C42: Petroff Defence: 3 Nxe5 and unusual White 3rd moves} (11. Nc3 Nxc3 12. bxc3 Bf5 13. Re1 Re8 14. Ra2 Na5 15. cxd5 Qxd5 16. Rb2 b6 17. Ne5 Rad8 18. Rb5 c5 19. Rxa5 bxa5 20. Bc4 Qb7 21. Nxf7 Kf8 22. Nxd8 Rxd8 {1-0 (52) Grigoriants,S (2561)-Nguyen,N (2630) Riadh 2017}) 11... Qxd5 {[%emt 0:00:30]} 12. Nc3 {[%emt 0:00:30]} Nxc3 {[%emt 0:01:30]} 13. bxc3 {[%emt 0:00:00]} Bg4 {[%emt 0:12:30]} 14. h3 {[%emt 0:03:00]} Bh5 {[%emt 0:10:30]} 15. Rb1 {[%emt 0:04:30]} a6 {[%emt 0:03:30]} 16. Rxb7 {[%emt 0:03:30]} Nxd4 $146 {[%emt 0:09:30]} ({Predecessor:} 16... Na5 17. Rb1 Bg6 18. Bd3 c5 19. Bxg6 hxg6 {½-½ (35) Bezemer,A (2308)-Peredy,F (2176) Triesen 2013}) 17. Nxd4 {[%emt 0:00:00]} Bxe2 {[%emt 0:02:30]} 18. Qxe2 {[%emt 0:00:00]} Qxb7 {[%emt 0:01:30]} 19. Qxe7 {[%emt 0:00:30]} Rfe8 {[%emt 0:02:30]} 20. Qg5 {[%emt 0:00:30]} f6 $18 {[%emt 0:08:30]} 21. Qg4 {[%emt 0:01:30]} Qe4 {[%emt 0:05:30]} 22. Bf4 {[%emt 0:02:30]} c5 {[%emt 0:04:30]} 23. Nf5 {[%emt 0:00:30]} g5 {[%emt 0:01:30]} 24. Bd6 {[%emt 0:01:30]} Qd3 {[%emt 0:09:30]} 25. Ne7+ {[%emt 0:06:30]} Kf7 {[%emt 0:04:59]} 26. Re1 {[%emt 0:00:30]} Red8 {[%emt 0:04:17]} 27. Qh5+ {[%emt 0:03:30]} Kg7 {[%emt 0:01:07]} 28. g4 {[%emt 0:00:00]} Kh8 {[%emt 0:04:39]} 29. Nf5 {[%emt 0:00:00]} Qd5 {[%emt 0:01:02]} 30. Qh6 {[%emt 0:02:30]} Qf7 {[%emt 0:00:36]} 31. Be7 {[%emt 0:00:30]} Re8 {[%emt 0:01:52]} 32. Bxf6+ {[%emt 0:00:30]} Kg8 {[%emt 0:00:14]} 33. Ne7+ {[%emt 0:00:00]} Rxe7 {[%emt 0:00:33]} 34. Rxe7 {[%emt 0:00:00]} 1-0

[Event "World Junior U20 Open 2018"]
[Site "Gebze"]
[Date "2018.09.06"]
[Round "2.66"]
[White "De Block, Yordi"]
[Black "Sevgi, Volkan"]
[Result "1/2-1/2"]
[WhiteElo "2118"]
[BlackElo "2323"]
[Annotator "NA"]
[PlyCount "93"]
[EventDate "2018.09.05"]
[EventType "swiss"]
[EventCountry "TUR"]
[SourceTitle "playchess.com"]
[Source "ChessBase"]
[SourceQuality "1"]
[TimeControl "40/5400+30:1800+30"]

1. d4 {[%emt 0:00:30]} f5 {[%emt 0:00:30]} 2. e4 {[%emt 0:00:30]} fxe4 {[%emt 0:00:30]} 3. Nc3 {[%emt 0:00:30]} Nf6 {[%emt 0:00:30]} 4. Bg5 {[%emt 0:00:30]} Nc6 {[%emt 0:00:30]} 5. d5 {[%emt 0:00:30]} Ne5 {[%emt 0:00:30]} 6. Qd4 {[%emt 0:00:30]} Nf7 {[%emt 0:00:30]} 7. Bxf6 {[%emt 0:00:30]} exf6 {[%emt 0:00:00]} 8. Nxe4 {[%emt 0:00:00]} f5 {[%emt 0:00:00]} 9. Ng3 {[%emt 0:00:00]} g6 {[%emt 0:00:00] A83: Dutch Defence: Staunton Gambit with 3 Nc3 Nf6 4 Bg5} 10. Nf3 {[%emt 0:04:30]} (10. O-O-O Bh6+ 11. Kb1 O-O 12. h4 Bg7 13. Qd2 Qf6 14. c3 b5 15. Nf3 Rb8 16. h5 c5 17. hxg6 hxg6 {0-1 (28) Saydaliev,S (2380)-Yakubboev,N (2440) Tashkent 2017}) 10... Qe7+ {[%emt 0:02:00]} 11. Be2 {[%emt 0:01:30]} Qb4+ {[%emt 0:00:30]} 12. Qxb4 {[%emt 0:03:30]} Bxb4+ {[%emt 0:00:30]} 13. c3 {[%emt 0:00:00]} Be7 $146 {[%emt 0:01:30]} ({Predecessor:} 13... Bd6 14. O-O-O a6 15. Nd4 O-O 16. Rhe1 b5 17. Nb3 {0-1 (43) Wang,X (1045)-Hlavinkova,L (1605) LSS email 2013}) 14. O-O-O {[%emt 0:00:00]} O-O {[%emt 0:01:30]} 15. Rhe1 {[%emt 0:01:30]} Bf6 {[%emt 0:00:30]} 16. Nd4 {[%emt 0:01:30]} Bg5+ {[%emt 0:16:30]} 17. Kb1 {[%emt 0:03:30]} a6 {[%emt 0:00:00]} 18. Bc4 {[%emt 0:02:30]} b5 {[%emt 0:00:00]} 19. Bb3 {[%emt 0:00:00]} Nd6 {[%emt 0:00:00]} 20. Nf3 {[%emt 0:05:00]} Bf6 {[%emt 0:01:00]} 21. Ne5 {[%emt 0:06:30]} f4 {[%emt 0:02:30]} 22. a4 $19 {[%emt 0:03:30]} (22. Nf1 $11) 22... a5 {[%emt 0:11:30]} 23. Nf1 {[%emt 0:00:30]} Bxe5 {[%emt 0:02:30]} 24. Rxe5 {[%emt 0:00:30]} f3 {[%emt 0:01:30]} 25. g3 {[%emt 0:00:30]} Ba6 {[%emt 0:02:30]} 26. Nd2 {[%emt 0:08:30]} bxa4 {[%emt 0:02:30]} 27. Bxa4 {[%emt 0:00:30]} Rf7 {[%emt 0:06:30]} 28. Rde1 {[%emt 0:04:30]} Be2 {[%emt 0:07:30]} 29. Bd1 {[%emt 0:00:30]} Bxd1 {[%emt 0:02:30]} 30. Rxd1 {[%emt 0:00:00]} Raf8 {[%emt 0:11:30]} 31. Rde1 {[%emt 0:01:00]} h6 {[%emt 0:07:30]} 32. c4 {[%emt 0:03:30]} g5 {[%emt 0:02:51]} 33. Kc2 {[%emt 0:06:30]} Nf5 {[%emt 0:01:25]} 34. Kc3 {[%emt 0:00:30]} g4 {[%emt 0:01:00]} 35. Nb3 {[%emt 0:04:30]} a4 {[%emt 0:03:48]} 36. Nd4 {[%emt 0:00:30]} Nxd4 {[%emt 0:02:18]} 37. Kxd4 {[%emt 0:00:30]} Rb8 {[%emt 0:00:00]} 38. Kc3 {[%emt 0:00:30]} Rf6 {[%emt 0:05:28]} 39. Re8+ {[%emt 0:04:30]} Rf8 {[%emt 0:00:00]} 40. Rxb8 {[%emt 0:00:00]} Rxb8 {[%emt 0:00:00]} 41. Re4 {[%emt 0:01:00]} h5 {[%emt 0:02:10]} 42. Re5 {[%emt 0:03:30]} Rb3+ {[%emt 0:04:30]} 43. Kc2 {[%emt 0:00:30]} Rb4 {[%emt 0:00:00]} 44. Kc3 {[%emt 0:00:00]} Rb3+ {[%emt 0:00:00]} 45. Kc2 {[%emt 0:00:00]} Rb4 {[%emt 0:00:30]} 46. Kc3 {[%emt 0:00:30]} Rb3+ {[%emt 0:07:30]} 47. Kc2 {[%emt 0:00:00]} 1/2-1/2